000 00408nam a2200145Ia 4500
008 240729s9999 xx 000 0 und d
022 _a1864-8312
245 0 _aArthropod Systematics & Phylogeny
260 _aGermany
260 _bSenckenberg Gesellschaft für Naturforschung
650 _aScience
856 _uhttps://doaj.org/toc/e6f514232d4948dd964903ed57c28420
942 _2ddc
942 _cDOAJEJ
999 _c73448
_d73448
945 _a1
_bMadushi Gamage
_c1
_dMadushi Gamage